Statistiques concernant Culture Générale - Série 1038

Cliquez ici pour prendre le quiz!

Statistiques générales

  • Ce quiz a été pris 45 fois
  • Le résultat moyen est 7 sur 10

Statistiques - réponses

Question Réponse % Correct
Quelle lettre est le nom de scène de Mathieu Chedid ?M
100%
Le latrodecte est une araignée plus connue sous le nom de veuve...noire
100%
Dans le prénom "Armelle", se cache un jeu enfantin de cour de récréationmarelle
98%
Quel chanteur américain était surnommé "The King" ?Elvis Presley
98%
Quel organe a été transplanté pour la première fois, en décembre 1967, par le professeur Christiaan Barnard ?coeur
95%
Quelle est la nationalité de Charles-Henri Dewisme dit Henri Vernes, créateur de la bande dessinée Bob Morane ?belge
74%
À quel département de Bretagne appartient l'Île-de-Bréhat ?Côtes-d'Armor
63%
Ce mot dont l'anagramme est "venir", désigne un tueur, un homme de mainnervi
28%
Sous-vêtement féminin ,qui se porte avec une culotte assortie, et dont l'origine remonte au XVIIIème siècle, dont la 1ère lettre est "c"caraco
26%
Grâce à quelle substance le papillon mâle peut-il repérer une femelle ?phéromone
26%

Distribution des résultats

Percentile par nombre de réponses

% des personnes avec chaque résultat

Votre développement - résultats

Vous n’avez pas pris ce quiz